Hydroponics The Future of Agriculture/ by Dinkar J Gaikwad, Santosh DT and Sagar Maitra (Record no. 52498)

MARC details
000 -LEADER
fixed length control field 00603nam a22001817a 4500
003 - CONTROL NUMBER IDENTIFIER
control field OSt
008 - FIXED-LENGTH DATA ELEMENTS--GENERAL INFORMATION
fixed length control field 260630b |||||||| |||| 00| 0 eng d
020 ## - INTERNATIONAL STANDARD BOOK NUMBER
International Standard Book Number 9789353874124
082 ## - DEWEY DECIMAL CLASSIFICATION NUMBER
Classification number 631.585
Item number G13H
100 ## - MAIN ENTRY--PERSONAL NAME
Personal name Gaikwad, Dinkar J
245 ## - TITLE STATEMENT
Title Hydroponics The Future of Agriculture/ by Dinkar J Gaikwad, Santosh DT and Sagar Maitra
260 ## - PUBLICATION, DISTRIBUTION, ETC. (IMPRINT)
Place of publication, distribution, etc Delhi :
Name of publisher, distributor, etc Satish Serial Publishing House,
Date of publication, distribution, etc 2026.
300 ## - PHYSICAL DESCRIPTION
Extent vii, 201 p.
650 ## - SUBJECT ADDED ENTRY--TOPICAL TERM
Topical term or geographic name as entry element Technology (Applied Sciences) | Agriculture and Related Technologies | Hydroponics
700 ## - ADDED ENTRY--PERSONAL NAME
Personal name Santosh DT
700 ## - ADDED ENTRY--PERSONAL NAME
Personal name Maitra, Sagar
942 ## - ADDED ENTRY ELEMENTS (KOHA)
Source of classification or shelving scheme
Koha item type Books
Holdings
Withdrawn status Lost status Source of classification or shelving scheme Damaged status Not for loan Home library Current library Shelving location Date acquired Source of acquisition Total Checkouts Full call number Barcode Date last seen Bill Date Koha item type Bill Number
          Dr. Rajendra Prasad Central Agricultural University Pusa, Dr. Rajendra Prasad Central Agricultural University Pusa, General Stacks 30/06/2026 IBPSS,   631.585 G13H 87198 30/06/2026 28/01/2026 Books Invoice No. IBPS/021/2025-26
Hosted, Implemented, Customized & Maintained by: BestBookBuddies

Powered by Koha